000 01833nam0a22003971 4500
001 rc\256633
005 20030307121300.7
010 _a5-265-00863-2
_930000
035 _a(NLR Aleph) 005528234
090 _a5581316
_c5581316
100 _a20030307d1990 u |0rusy50 ca
101 0 _arus
102 _aRU
105 _ay |||||||||
200 1 _aОбвал
_eПовести и рассказы
_fЮрий Мушкетик
_gПер. с укр. Н. Крючковой
210 _aМ.
_cСов. писатель
_d1990
215 _a558, [2] с.
_d21
327 1 _aСодерж.: Повести: Обвал; Летний лебедь на зимнем берегу; "Слеза Офелии"; Динозавр; Желтый цвет одуванчика; Рассказы: Сладкая жизнь Оникия-Зайца; Родительское наследство; Мост длиною в сорок три года; Угольки; Ботинки; Вкус борща; Комолая
464 0 _12001#$aОбвал
464 0 _12001#$aЛетний лебедь на зимнем берегу
464 0 _12001#$aˆ"‰Слеза Офелии"
464 0 _12001#$aДинозавр
464 0 _12001#$aЖелтый цвет одуванчика
464 0 _12001#$aСладкая жизнь Оникия-Зайца
464 0 _12001#$aРодительское наследство
464 0 _12001#$aМост длиною в сорок три года
464 0 _12001#$aУгольки
464 0 _12001#$aБотинки
464 0 _12001#$aВкус борща
464 0 _12001#$aКомолая
700 1 _aМушкетик
_bЮ. М.
_f1929-
_gЮрий Михайлович
801 0 _aRU
_bNLR
_gpsbo
801 1 _aRU
_bELAR
_2rusmarc
852 _aNLR
_j90-3/1176
942 _cBOOK
980 _aNB